000
00424nam a2200145Ia 4500
008
100204s9999 xx 000 0 und d
082
_b
720
100
_a
खानोलकर चिंतामणी त्र्यंबक
245
_a
अजगर
260
_b
"मौज प्रकाशन , मुंबई"
_c
1977
300
_a
93
630
_a
अजगर
730
_a
अजगर
942
_c
BOOK
999
_c
445915
_d
445912